000 00509nam a2200145 a 4500
001 000030034
005 20200930060006.0
008 110428s1984 dr 000 0 spa d
040 _aDO-SdBNP
_bspa
_cBNPHU
110 1 _aRepública Dominicana
_bCámara de Diputados de la República Dominicana
_9367
245 0 0 _aDescripción general del proyecto para la creación de la Biblioteca del Congreso.
260 _aSanto Domingo :
_bCámara de Diputados,
_c1984.
300 _a14,[12], p. ;
_c28 cm.
049 _aBNPD
999 _c29526
_d29526